00338pab a2200109 454500008004000000100002300040245007300063260000900136300001400145650001800159773005100177180718b2006 xxu||||| |||| 00| 0 eng d aDolowitz, David P. aBring back the states: correcting for the omissions of globalization c2006 ap.263-80. aGlobalization aInternational Journal of Public Administration